[Event "POL-ch"]
[Site "Poznan POL"]
[Date "2016.04.05"]
[Round "7.3"]
[White "Swiercz, Dariusz"]
[Black "Kanarek, Marcel"]
[Result "1-0"]
[WhiteElo "2665"]
[BlackElo "2532"]
[EventDate "2016.03.30"]
[PlyCount "67"]

1.e4 c6 2.d4 d5 3.e5 Bf5 4.Nf3 e6 5.Be2 Nd7 6.O-O Ne7 7.Nbd2 h6 8.Nb3 g5 
9.a4 a5 10.Ne1 Qc7 11.Bd2 Bg7 12.f4 gxf4 13.Bxf4 Ng6 14.Bd3 Bxd3 15.Nxd3 
b6 16.Qf3 O-O 17.Qh3 Kh7 18.Nd2 c5 19.Nf3 c4 20.Bxh6 Bxh6 21.Ng5+ Kg7 22.
Rxf7+ Rxf7 23.Nxe6+ Kh7 24.Nxc7 cxd3 25.Qxd3 Nxe5 26.dxe5 Rxc7 27.Rf1 Rf8 
28.Rf6 Rxf6 29.exf6 d4 30.Qxd4 Bf8 31.Qd3 Bc5+ 32.Kh1 Rf7 33.Qf5 Kh6 34.g4
1-0

[Event "POL-ch"]
[Site "Poznan POL"]
[Date "2016.04.05"]
[Round "7.4"]
[White "Gajewski, Grzegorz"]
[Black "Tomczak, Jacek"]
[Result "0-1"]
[WhiteElo "2633"]
[BlackElo "2603"]
[EventDate "2016.03.30"]
[PlyCount "238"]

1.d4 Nf6 2.Nf3 e6 3.c4 Bb4+ 4.Nc3 c5 5.e3 O-O 6.Bd2 d5 7.a3 Bxc3 8.Bxc3 
Ne4 9.Rc1 Nxc3 10.Rxc3 cxd4 11.Nxd4 a6 12.Nf3 dxc4 13.Bxc4 Qxd1+ 14.Kxd1 
Rd8+ 15.Rd3 Rxd3+ 16.Bxd3 Nc6 17.Ke2 Bd7 18.Rd1 Be8 19.Ng5 h6 20.Ne4 Ne5 
21.Nd6 Nxd3 22.Rxd3 Bc6 23.e4 Kf8 24.f4 f6 25.g3 Ke7 26.e5 g5 27.Rc3 Kd7 
28.Nf7 Rf8 29.Nxh6 gxf4 30.gxf4 fxe5 31.fxe5 Rf4 32.h3 Bb5+ 33.Kd2 Rf2+ 
34.Ke3 Rxb2 35.Ng4 Ba4 36.Nf6+ Kd8 37.h4 Bc2 38.Rc4 Bf5 39.Rd4+ Kc7 40.
Ne8+ Kc6 41.Ng7 Rh2 42.h5 Rh3+ 43.Kf2 Kc5 44.Rd8 Bg4 45.a4 Bxh5 46.Nxe6+ 
Kb4 47.Ng7 Kxa4 48.e6 Rf3+ 49.Ke1 Bg6 50.Rd4+ Ka5 51.Rg4 Be8 52.Rg5+ Kb4 
53.Ke2 Bc6 54.Nf5 Rf4 55.e7 Re4+ 56.Kd3 Re5 57.Kd4 Re4+ 58.Kd3 Re6 59.Rg4+
Kc5 60.Rc4+ Kd5 61.Rc1 Bb5+ 62.Kc3 Rc6+ 63.Kb2 Rxc1 64.Kxc1 Ke6 65.Nd4+ 
Kxe7 66.Kb2 Kd6 67.Kb3 Bd7 68.Kb4 b6 69.Nb3 Be6 70.Nd4 Bd7 71.Nb3 Kd5 72.
Kc3 Bb5 73.Nd2 Be2 74.Nb3 Bd1 75.Nd2 Kc5 76.Ne4+ Kc6 77.Nd2 Be2 78.Nb3 Bg4
79.Na5+ Kc5 80.Nb7+ Kb5 81.Nd6+ Ka4 82.Kb2 Kb4 83.Ne4 b5 84.Nd2 Be6 85.Ne4
Bd5 86.Nc3 Bf3 87.Nb1 Bd5 88.Nc3 Bc6 89.Nb1 Kc5 90.Na3 b4 91.Nc2 a5 92.Na3
Be4 93.Kb3 Bd3 94.Kb2 Kd4 95.Kb3 Ke3 96.Kb2 Kd2 97.Ka1 Kc1 98.Nc4 a4 99.
Na5 Be4 100.Nb3+ Kc2 101.Nc5 Bc6 102.Na6 b3 103.Nb4+ Kc1 104.Na2+ Kc2 105.
Nb4+ Kd2 106.Kb2 Bb7 107.Na2 Kd3 108.Nc3 Bc6 109.Nb1 Be4 110.Nc3 Bc6 111.
Nb1 Bd5 112.Na3 Bg8 113.Nb1 Bf7 114.Na3 Bh5 115.Nb1 Bd1 116.Na3 Kd4 117.
Kc1 Be2 118.Kb1 Kc3 119.Kc1 Bd3 0-1

[Event "POL-ch"]
[Site "Poznan POL"]
[Date "2016.04.05"]
[Round "7.5"]
[White "Bartel, Mateusz"]
[Black "Klekowski, Maciej"]
[Result "1-0"]
[WhiteElo "2625"]
[BlackElo "2432"]
[EventDate "2016.03.30"]
[PlyCount "41"]

1.e4 c5 2.Nf3 e6 3.d4 cxd4 4.Nxd4 Nc6 5.Nc3 a6 6.Bf4 Bb4 7.Nxc6 Bxc3+ 8.
bxc3 bxc6 9.Bd6 Ne7 10.Qd4 O-O 11.Bd3 f5 12.e5 Rf7 13.Rb1 f4 14.g4 Nd5 15.
c4 Qa5+ 16.c3 Nxc3 17.Qb6 Qxb6 18.Rxb6 Na4 19.Rb4 Nc3 20.Kd2 c5 21.Rb3 1-0

[Event "POL-ch"]
[Site "Poznan POL"]
[Date "2016.04.06"]
[Round "8.1"]
[White "Klekowski, Maciej"]
[Black "Dragun, Kamil"]
[Result "0-1"]
[WhiteElo "2432"]
[BlackElo "2594"]
[EventDate "2016.03.30"]
[PlyCount "80"]

1.d4 Nf6 2.c4 e6 3.Nf3 d5 4.Nc3 c5 5.cxd5 Nxd5 6.e4 Nxc3 7.bxc3 cxd4 8.
cxd4 Bb4+ 9.Bd2 Bxd2+ 10.Qxd2 O-O 11.Rc1 b6 12.Bd3 Bb7 13.O-O Nc6 14.Bb1 
Qe7 15.e5 Nb4 16.Ng5 h6 17.Ne4 Bxe4 18.Bxe4 Rad8 19.f4 f5 20.exf6 Rxf6 21.
Bb1 Qd6 22.f5 exf5 23.Bxf5 a5 24.a3 Nd5 25.Qd3 Nf4 26.Qc4+ Kh8 27.Bg4 Qxa3
28.Rcd1 Rdf8 29.Bf3 Nh3+ 30.Kh1 Qe3 31.Qc2 Ng5 32.Rfe1 Qf4 33.Rf1 Qd6 34.
Qb3 Rf4 35.Qe3 Nxf3 36.Rxf3 Rxf3 37.gxf3 b5 38.d5 a4 39.f4 a3 40.Qe5 Rd8 
0-1

[Event "POL-ch"]
[Site "Poznan POL"]
[Date "2016.04.06"]
[Round "8.2"]
[White "Kanarek, Marcel"]
[Black "Wojtaszek, Radoslaw"]
[Result "0-1"]
[WhiteElo "2532"]
[BlackElo "2713"]
[EventDate "2016.03.30"]
[PlyCount "90"]

1.e4 c5 2.Nf3 d6 3.d4 cxd4 4.Nxd4 Nf6 5.Nc3 a6 6.Nb3 Nbd7 7.g4 h6 8.Bg2 b5
9.h4 b4 10.Nd5 Nxd5 11.exd5 Ne5 12.f3 g6 13.Be3 Bg7 14.Bd4 O-O 15.g5 a5 
16.gxh6 Bxh6 17.h5 Bf4 18.Nc1 Bg3+ 19.Kf1 Ba6+ 20.Ne2 Qd7 21.hxg6 fxg6 22.
Bh3 Qb5 23.Be6+ Kg7 24.Kg2 Qxe2+ 25.Qxe2 Bxe2 26.Kxg3 Rxf3+ 27.Kg2 Rf4 28.
Be3 Bf3+ 29.Kg3 Bxh1 30.Bxf4 Be4 31.Bg5 Re8 32.Kf4 Bxc2 33.Rh1 Nd3+ 34.Ke3
Nc5 35.Bh6+ Kf6 36.Rf1+ Bf5 37.Bxf5 gxf5 38.Rg1 Ke5 39.Rd1 Rg8 40.Bf4+ Kf6
41.Kf3 Rg4 42.Rd2 Nd7 43.b3 Ne5+ 44.Ke3 Ng6 45.Bh2 Re4+ 0-1

[Event "POL-ch"]
[Site "Poznan POL"]
[Date "2016.04.06"]
[Round "8.4"]
[White "Swiercz, Dariusz"]
[Black "Gajewski, Grzegorz"]
[Result "1-0"]
[WhiteElo "2665"]
[BlackElo "2633"]
[EventDate "2016.03.30"]
[PlyCount "105"]

1.e4 e5 2.Nf3 Nc6 3.Bb5 a6 4.Ba4 Nf6 5.O-O Be7 6.d3 b5 7.Bb3 d6 8.a4 Bd7 
9.c3 O-O 10.Bc2 Re8 11.Re1 Bf8 12.Bg5 b4 13.Nbd2 h6 14.Bh4 Be7 15.Bg3 g6 
16.h3 Nh5 17.Bh2 Bg5 18.Nc4 Bf4 19.d4 Rb8 20.Ne3 Bxh2+ 21.Kxh2 Nf4 22.Nd5 
Ne6 23.dxe5 dxe5 24.Qd2 bxc3 25.bxc3 Kg7 26.Rad1 Nf8 27.Qe3 Qc8 28.Nd2 Ne7
29.Nc4 Ng8 30.Qg3 f6 31.f4 exf4 32.Nxf4 Be6 33.Nxe6+ Qxe6 34.Qxc7+ Qe7 35.
Qg3 Kh7 36.e5 f5 37.Nd6 Red8 38.e6 Qf6 39.Qe3 Ne7 40.c4 Rb2 41.Ne4 Qe5+ 
42.Kh1 Rxd1 43.Ng5+ hxg5 44.Qxe5 Rxe1+ 45.Qxe1 Rxc2 46.Qb4 Nxe6 47.Qxe7+ 
Ng7 48.c5 f4 49.Qxg5 Nh5 50.h4 Ng3+ 51.Kh2 Rc4 52.Kh3 Rc3 53.Qe7+ 1-0

[Event "POL-ch"]
[Site "Poznan POL"]
[Date "2016.04.06"]
[Round "8.5"]
[White "Tomczak, Jacek"]
[Black "Bartel, Mateusz"]
[Result "1/2-1/2"]
[WhiteElo "2603"]
[BlackElo "2625"]
[EventDate "2016.03.30"]
[PlyCount "80"]

1.e4 e6 2.d4 d5 3.Nc3 Bb4 4.e5 c5 5.a3 Bxc3+ 6.bxc3 Ne7 7.h4 Qc7 8.h5 h6 
9.Bd2 Nbc6 10.Nf3 Bd7 11.Bd3 c4 12.Be2 O-O-O 13.Bf4 Qa5 14.Qd2 Kb8 15.g4 
Nc8 16.Qe3 Nb6 17.Kd2 Na4 18.g5 a6 19.gxh6 gxh6 20.Rhb1 Na7 21.Nh2 Nb5 22.
Rxb5 Qxb5 23.Ng4 Qb2 24.Rc1 a5 25.Bxh6 Kc8 26.Bg5 Rxh5 27.Bxd8 Kxd8 28.Nf6
Rh4 29.Bg4 Rh2 30.Qg3 Rh8 31.Nxd7 Kxd7 32.Qf3 Ke8 33.Qf6 Qxc3+ 34.Ke2 Rf8 
35.Bxe6 Qxa3 36.Bxf7+ Rxf7 37.Qe6+ Qe7 38.Qc8+ Qd8 39.Qe6+ Qe7 40.Qc8+ Qd8
1/2-1/2

[Event "POL-ch"]
[Site "Poznan POL"]
[Date "2016.04.07"]
[Round "9.2"]
[White "Wojtaszek, Radoslaw"]
[Black "Piorun, Kacper"]
[Result "1/2-1/2"]
[WhiteElo "2713"]
[BlackElo "2655"]
[EventDate "2016.03.30"]
[PlyCount "52"]

1.d4 Nf6 2.c4 g6 3.Nc3 d5 4.Nf3 Bg7 5.Qb3 dxc4 6.Qxc4 O-O 7.e4 a6 8.Be2 b5
9.Qb3 c5 10.dxc5 Be6 11.Qc2 Nbd7 12.Be3 Rc8 13.Rd1 b4 14.Nd5 Bxd5 15.exd5 
Nxc5 16.O-O Qd6 17.Qc4 Nfd7 18.Qxb4 Rb8 19.Qa5 Rxb2 20.Rfe1 Ra8 21.Nd4 Bf6
22.Qa3 Rb7 23.Nb5 Qb8 24.Nd4 Qd6 25.Nb5 Qb8 26.Nd4 Qd6 1/2-1/2

[Event "POL-ch"]
[Site "Poznan POL"]
[Date "2016.04.07"]
[Round "9.3"]
[White "Dragun, Kamil"]
[Black "Tomczak, Jacek"]
[Result "1-0"]
[WhiteElo "2594"]
[BlackElo "2603"]
[EventDate "2016.03.30"]
[PlyCount "81"]

1.Nf3 Nf6 2.c4 e6 3.Nc3 Bb4 4.Qc2 c5 5.a3 Ba5 6.e3 Nc6 7.d4 d6 8.dxc5 dxc5
9.Bd2 Qe7 10.O-O-O Bd7 11.Rg1 O-O-O 12.g4 Bc7 13.g5 Ne8 14.h4 h6 15.Kb1 
hxg5 16.hxg5 f5 17.Bc1 Nd6 18.b3 Be8 19.Be2 Rh3 20.Rh1 Rxh1 21.Rxh1 Nf7 
22.Rg1 Nd6 23.g6 Bd7 24.Bb2 Rh8 25.Nb5 e5 26.Nc3 Rh6 27.Nd5 Qe8 28.b4 e4 
29.bxc5 exf3 30.Nxc7 Kxc7 31.cxd6+ Kxd6 32.Bxf3 Kc7 33.Ka2 Ne5 34.Bd5 Nxg6
35.Bxg7 Rh7 36.Qb2 Bc6 37.Qf6 Ne7 38.Qe5+ Kb6 39.Rb1+ Ka6 40.Bxc6 bxc6 41.
Qc7 1-0

[Event "POL-ch"]
[Site "Poznan POL"]
[Date "2016.04.07"]
[Round "9.4"]
[White "Gajewski, Grzegorz"]
[Black "Kanarek, Marcel"]
[Result "1/2-1/2"]
[WhiteElo "2633"]
[BlackElo "2532"]
[EventDate "2016.03.30"]
[PlyCount "168"]

1.d4 Nf6 2.c4 g6 3.Nc3 Bg7 4.e4 d6 5.Nf3 O-O 6.Be2 e5 7.O-O Nbd7 8.Be3 Re8
9.d5 Nh5 10.g3 Bf8 11.Ne1 Ng7 12.Nd3 f5 13.f3 Be7 14.Qd2 a5 15.Kg2 Rf8 16.
Rac1 b6 17.Bd1 Nc5 18.Nxc5 bxc5 19.Ba4 f4 20.gxf4 exf4 21.Bf2 Bf6 22.Bc6 
Ra6 23.Rg1 g5 24.Kf1 Qe7 25.Ke1 Qf7 26.Qe2 Bh3 27.Kd1 h6 28.Kc2 Be5 29.Nb5
Rb8 30.a4 Qf6 31.Kb1 Qe7 32.Be1 Ne6 33.Bc3 Bxc3 34.Rxc3 Nd8 35.Qd2 Kh8 36.
Rd3 Nf7 37.Rb3 Rbb6 38.Ka2 Ne5 39.Qe2 Qf7 40.Rd1 Kh7 41.Rc3 Rb8 42.Rb3 
Rbb6 43.Rc3 Qe7 44.Rb3 Qg7 45.Qc2 Kh8 46.Re1 Qe7 47.Qc3 Kh7 48.Qc2 Kh8 49.
Rd1 Kg8 50.Re1 Kf7 51.Rd1 Kg7 52.Re1 Kh7 53.Rd1 Qd8 54.Re1 Rb8 55.Rd1 Rab6
56.Re1 Qe7 57.Rc1 h5 58.Qd2 Ra6 59.Qe2 Kh6 60.Qd2 Kh7 61.Qe2 Kg7 62.Qd2 
Kh6 63.Qc3 Rbb6 64.Qd2 Qg7 65.Ka1 Kh7 66.Ka2 Qf7 67.Qe2 Qe7 68.Qd2 Kg6 69.
Rg1 Kf6 70.Rc1 Kg7 71.Rg1 Kh7 72.Rc1 Qf7 73.Qe2 Qg7 74.Qd2 Kh6 75.Qe2 Qf7 
76.Qd2 Qh7 77.Ka1 h4 78.Ka2 Qf7 79.Qf2 Qe7 80.Qd2 Rb8 81.Qc3 Rbb6 82.Qd2 
Qf7 83.Ka1 Qh5 84.Ka2 Qf7 1/2-1/2

[Event "POL-ch"]
[Site "Poznan POL"]
[Date "2016.04.07"]
[Round "9.5"]
[White "Bartel, Mateusz"]
[Black "Swiercz, Dariusz"]
[Result "1/2-1/2"]
[WhiteElo "2625"]
[BlackElo "2665"]
[EventDate "2016.03.30"]
[PlyCount "120"]

1.e4 c5 2.Nf3 d6 3.d4 cxd4 4.Nxd4 Nf6 5.Nc3 a6 6.Nb3 Nbd7 7.g4 h6 8.Bg2 b5
9.h4 b4 10.Nd5 Nxd5 11.exd5 Ne5 12.g5 hxg5 13.Bxg5 Bg4 14.f3 Bh5 15.Qe2 
Qc7 16.O-O-O g6 17.Nd4 Bg7 18.Bh3 Rb8 19.Kb1 a5 20.Bg4 Qc4 21.Qxc4 Nxc4 
22.Nc6 Rb7 23.Rde1 Bxg4 24.fxg4 Ne5 25.Bf4 Kd7 26.Bxe5 Bxe5 27.h5 gxh5 28.
Nxe5+ dxe5 29.Rxe5 h4 30.Rh5 Rg8 31.R1xh4 Kd6 32.Kc1 Rc7 33.Rf5 f6 34.g5 
Rxg5 35.Rxg5 fxg5 36.Rg4 Kxd5 37.Rxg5+ e5 38.Kd2 Rh7 39.Rg2 Rh3 40.c3 
bxc3+ 41.bxc3 Rf3 42.a3 a4 43.Rg8 Rf2+ 44.Ke3 Ra2 45.Rd8+ Kc4 46.Rc8+ Kb3 
47.Kd3 Ra1 48.Rb8+ Kxa3 49.Rb5 Rd1+ 50.Kc2 Re1 51.Kd2 Re4 52.Kd3 Rh4 53.
Rxe5 Kb2 54.Rb5+ Kc1 55.Ra5 Rg4 56.Ra8 Rg3+ 57.Kc4 Kc2 58.Rxa4 Rg4+ 59.Kb5
Rxa4 60.Kxa4 Kxc3 1/2-1/2